000 00494pab a2200169 454500
008 180718b1999 xxu||||| |||| 00| 0 eng d
100 _aCarmichael, Paul
245 _aTowards `a new era'? some developments in governance of Northern Ireland
260 _c1999
300 _ap.103-16
362 _aMar
650 _aLocal government - Northern Ireland
650 _aLocal government
700 _aKnox, Colin
773 _aInternational Review of Administrative Sciences
909 _a41290
999 _c41290
_d41290